000 00276nam a22001097a 4500
008 170120b xxu||||| |||| 00| 0 eng d
020 _a9780781761307
041 _aeng
080 _211TH
_a618.2
245 _aHANDBOOK OF NURSING DIAGNOSIS
_cCARPENITO-MOYET. L.J
942 _2udc
_cBK
999 _c3321
_d3321